000 01564nam a2200397 i 4500
001 000010973
003 DO-SdBNP
005 20260331103138.0
007 ta
008 091013s2009 dr c 001 0 spa d
020 _a9789993431275
040 _aDO-SdBNP
_bspa
_cBNPHU
_erda
041 _aspa
082 4 _a384.54
_bN964g
_222
100 1 _aNúñez Fernández, José Antonio,
_d1928-
_eautor
_4aut.
_926385
245 1 3 _aLa guerra de locutores :
_babril 1965 /
_cJosé Antonio Núñez Fernández ; compilador, Pedro Pablo Fernández.
264 4 _aSanto Domingo :
_bBiblioteca Nacional Pedro Henríquez Ureña,
_c©2009.
300 _a179 páginas :
_bretratos ;
_c23 cm.
336 _atexto
_btxt
_2rdacontent
337 _asin mediación
_bn
_2rdamedia
338 _avolumen
_bnc
_2rdacarrier
490 1 _aColección Biblioteca Nacional;
490 1 _aSerie Testimonio
500 _aIncluye datos biográficos del autor en las solapas
500 _aIncluye índice onomástico
590 _aInventariado, 2018/VM
600 1 4 _aNúñez Fernández, José Antonio,
_d1928-
_926386
650 4 _aLocutores de radio
_zRepública Dominicana
_926387
650 4 _aRadiodifusión
_zRepública Dominicana
_926388
651 4 _aRepública Dominicana
_xHistoria
_yRevolución, 1965
_92167
700 1 _aFernández, Pedro Pablo,
_ecompilador
_4comp.
_98492
730 0 _aRadio San Isidro (Repúblia Dominicana)
_926389
830 0 _aColección Biblioteca Nacional
_pSerie Testimonio
_926390
910 _aValidado. Control de calidad. MMOLINA
942 _2ddc
_cLBS1
999 _c10711
_d10711